[Event "Krakow op-A"]
[Site "Krakow"]
[Date "2006.01.02"]
[Round "7"]
[White "Shishkin, Vadim"]
[Black "Zubarev, Alexander2"]
[Result "0-1"]
[WhiteElo "2527"]
[BlackElo "2505"]
[PlyCount "206"]
[EventDate "2005.12.27"]
[EventType "swiss"]
[EventRounds "9"]
[EventCountry "POL"]
[Source "ChessBase"]
[SourceDate "2006.03.10"]

1. d4 Nf6 2. c4 e6 3. Nc3 Bb4 4. Nf3 d5 5. cxd5 exd5 6. Bg5 O-O 7. e3 c5 8.
dxc5 Nbd7 9. Be2 Qa5 10. O-O Bxc3 11. bxc3 Ne4 12. c4 Nxg5 13. Nxg5 h6 14. Nf3
dxc4 15. Bxc4 Nxc5 16. Nd4 Bd7 17. Qf3 Rac8 18. Rfd1 Rc7 19. Nf5 Bxf5 20. Qxf5
b5 21. Bd5 Qb6 22. h4 a5 23. h5 Qf6 24. Qxf6 gxf6 25. Bf3 b4 26. Rd6 Rb8 27.
Rxf6 a4 28. Bd5 b3 29. axb3 axb3 30. Bxb3 Nxb3 31. Ra4 Nc5 32. Rg4+ Kh7 33. Rc4
Kg7 34. Rf5 Ne6 35. Rxc7 Nxc7 36. g4 Rb4 37. f3 Rb2 38. g5 hxg5 39. Rxg5+ Kf6
40. Rg8 Rb5 41. h6 Rh5 42. Rh8 Kg6 43. Kf2 Rxh6 44. Rg8+ Kf6 45. Rb8 Rh2+ 46.
Kg3 Re2 47. Rb6+ Kg7 48. Rc6 Ne6 49. Rc3 Kf6 50. Ra3 Ng7 51. Ra6+ Ne6 52. Ra3
Rc2 53. Rb3 Rc8 54. Ra3 Rg8+ 55. Kf2 Ng5 56. Ra6+ Ne6 57. Rb6 Rc8 58. Rb3 Rc5
59. Ra3 Kf5 60. Kg3 Ke5 61. Rb3 Ng7 62. Ra3 Nf5+ 63. Kg4 Rc4+ 64. e4 Nd4 65.
Ra5+ Kf6 66. f4 Ne6 67. Rf5+ Kg7 68. e5 Rc1 69. Kg3 Rf1 70. Rf6 Nd4 71. Kg4
Rg1+ 72. Kh5 Ne6 73. Rf5 Rh1+ 74. Kg4 Nd4 75. Rf6 Rg1+ 76. Kh5 Ne2 77. Kh4 Ng3
78. Ra6 Nf5+ 79. Kh5 Nd4 80. Ra4 Ne6 81. Rb4 Rf1 82. Kg4 Kg6 83. Kg3 Rg1+ 84.
Kf3 Kf5 85. Rb7 Rg7 86. Ke3 Nxf4 87. Kd4 Ne6+ 88. Kd5 Ng5 89. Rb1 Rg8 90. Rf1+
Kg6 91. Kd6 Re8 92. Rf6+ Kg7 93. Rf5 Re6+ 94. Kd5 Nh7 95. Rf1 Nf8 96. Kd4 Ng6
97. Rf5 Rxe5 98. Rxe5 Nxe5 99. Kxe5 Kg6 100. Kf4 Kf6 101. Kg4 Ke5 102. Kf3 Kf5
103. Ke3 Kg4 0-1

[Event "EU-ch 7th"]
[Site "Kusadasi"]
[Date "2006.04.14"]
[Round "10"]
[White "Kuzubov, Yuriy"]
[Black "Gashimov, Vugar"]
[Result "1-0"]
[WhiteElo "2544"]
[BlackElo "2625"]
[PlyCount "97"]
[EventDate "2006.04.04"]
[EventType "swiss"]
[EventRounds "11"]
[EventCountry "TUR"]
[Source "ChessBase"]
[SourceDate "2006.05.09"]

1. Nf3 Nf6 2. c4 e6 3. Nc3 Bb4 4. d4 c5 5. g3 cxd4 6. Nxd4 Ne4 7. Qd3 Bxc3+ 8.
bxc3 Nc5 9. Qf3 d6 10. Bg2 Nbd7 11. O-O O-O 12. Rd1 a6 13. Nb3 Qc7 14. Qf4 e5
15. Qd2 Nxb3 16. axb3 Nc5 17. Qa2 Be6 18. Be3 Rad8 19. Qa3 Rfe8 20. Bd5 h6 21.
f3 e4 22. f4 Bg4 23. Rd2 h5 24. Kf2 Bc8 25. Rad1 h4 26. Rg1 hxg3+ 27. Rxg3 Qe7
28. Rd1 Qh4 29. Rdg1 Be6 30. h3 b5 31. Kg2 bxc4 32. bxc4 Qh5 33. Qa2 Rb8 34.
Kh2 g6 35. Qd2 a5 36. Qe1 Rb2 37. R1g2 Qf5 38. Rg4 Nd7 39. Bd4 Kf8 40. Qh4 Bxd5
41. cxd5 e3 42. Rg5 Qe4 43. R5g3 Rd2 44. Qh6+ Ke7 45. f5 Kd8 46. fxg6 fxg6 47.
Rxg6 Qc2 48. Rxd6 Rxe2 49. Rxd7+ 1-0

[Event "Dresden ZMD op"]
[Site "Dresden"]
[Date "2006.08.12"]
[Round "8"]
[White "Malakhatko, Vadim"]
[Black "Tahirov, Farhad"]
[Result "1-0"]
[WhiteElo "2594"]
[BlackElo "2583"]
[PlyCount "83"]
[EventDate "2006.08.05"]
[EventType "swiss"]
[EventRounds "9"]
[EventCountry "GER"]
[Source "ChessBase"]
[SourceDate "2006.09.14"]

1. d4 Nf6 2. c4 e6 3. Nc3 Bb4 4. Nf3 b6 5. Bg5 Ba6 6. Nd2 h6 7. Bh4 c5 8. a3
Bxc3 9. bxc3 Bb7 10. f3 d6 11. e4 Nbd7 12. a4 e5 13. a5 O-O 14. Be2 Qe8 15. Bf2
Nh5 16. g3 Qe7 17. O-O Nhf6 18. Re1 g6 19. Bf1 Nh5 20. Bg2 Kh7 21. Nf1 Ng7 22.
Ne3 Ne6 23. Nd5 Qd8 24. dxe5 Nxe5 25. a6 Bc6 26. Qe2 Bxd5 27. cxd5 Ng7 28. c4
Re8 29. f4 Nd7 30. Qb2 f6 31. Re2 Re7 32. Be1 Qf8 33. Bc3 Rae8 34. Rae1 g5 35.
Bh3 gxf4 36. gxf4 Nh5 37. Bf5+ Kh8 38. Rf1 Rg7+ 39. Kh1 Qe7 40. Re3 Reg8 41.
Rh3 Qe8 42. Qe2 1-0